| 000 | 00359nam a2200145Ia 4500 | ||
|---|---|---|---|
| 008 | 230312s9999||||xx |||||||||||||| ||und|| | ||
| 020 | _a978-1-58714-494 | ||
| 082 |
_a004.6782 _bDUR-V |
||
| 100 | _aDurai;Arvind | ||
| 245 | 0 | _aVirtual Routing in the Cloud | |
| 260 |
_bCisco Press _aUSA _c2016 |
||
| 300 | _a333 | ||
| 650 |
_aComputer _vComputer |
||
| 942 | _cBK | ||
| 999 |
_c14126 _d14126 |
||